000 00589nam a22001577a 4500
008 170809b xxu||||| |||| 00| 0 eng d
082 _22016
_aUT 0811
_bD56
100 _921773
_aDiga, Resty D.
245 _aFishing Practices and Catch-Per-Unit-Effort in Malalag, Davao del Sur/
_cResty D. Diga, Donna Jane P. Pelonio, Mario E. Pide.
260 _aDigos City:
_bUMDC
_cNovember 2016.
300 _a72 pages;
_c29 cm.
650 0 _921774
_aEducation
_vBiological Science
_xUndergraduate thesis.
700 _921776
_aPelonio, Donna Jane P.
700 _921777
_aPide, Mario E.
942 _2ddc
_cUT
999 _c7195
_d7195